书目信息 |
| 题名: |
测度论基础
|
|
| 作者: | 朱成熹 著 | |
| 分册: | ||
| 出版信息: | 北京 科学出版社 1983 |
|
| 页数: | 218页 | |
| 开本: | 21cm | |
| 丛书名: | 现代数学基础丛书 | |
| 单 册: | ||
| 中图分类: | O174.12 | |
| 科图分类: | ||
| 主题词: | 测度论 | |
| 电子资源: | ||
| ISBN: | ||
| 000 | 00676nam2 2200265 45 | |
| 001 | 0183012199 | |
| 005 | 20040520163043.8 | |
| 010 | @dCNY1.35 | |
| 091 | @a13031.2367 | |
| 100 | @a19950516d1983 em y0chiy0121 ea | |
| 101 | 0 | @achi |
| 102 | @aCN@b110000 | |
| 105 | @ay z 000yy | |
| 106 | @ar | |
| 200 | 10 | @a测度论基础@Ace du lun ji chu@f朱成熹著 |
| 210 | @a北京@c科学出版社@d1983 | |
| 215 | @a218页@d21cm | |
| 225 | 2 | @a现代数学基础丛书 |
| 410 | 0 | @120010@a现代数学基础丛书 |
| 606 | @a测度论 | |
| 690 | @aO174.12@v3 | |
| 701 | 0 | @a朱成熹@Azhu cheng xi@4著 |
| 801 | 0 | @aCN@b上海图书馆@c20040520 |
| 801 | 2 | @aCN@bNLC@c20040520 |
| 905 | @f1@b97444@dO174.12@e51 | |
| 测度论基础/朱成熹著.-北京:科学出版社,1983 |
| 218页;21cm.-(现代数学基础丛书) |
| ISBN :CNY1.35 |
| ● |
| 相关链接 |
|
|
|
|
正题名:测度论基础
索取号:O174.12/51
 
预约/预借
| 序号 | 登录号 | 条形码 | 馆藏地/架位号 | 状态 | 备注 |
| 1 | 0097444 | 000422126 | 第三借阅区/ [索取号:O174.12/51] | 在馆 | |
| 2 | 0097445 | 202093812 | 第二样本阅览室/ [索取号:O174.12/51] | 在馆 |